000
00336nam a22001457a 4500
008
210609b ||||| |||| 00| 0 eng d
020
_a
9780397549221
041
_a
eng
080
_2
3rd
_a
610.73
082
_a
610.73
100
_a
1
101
_a
INF
245
_a
Essentials of Nursing Research
_c
Denise F. Polit
942
_2
udc
_c
BK
999
_c
58067
_d
58067